| 000 | 01310cam a2200397 a 4500 | ||
|---|---|---|---|
| 001 | 4258 | ||
| 003 | FISKH | ||
| 005 | 20240710151030.0 | ||
| 008 | 010125s2001 nyua b 000 1 eng | ||
| 010 | _a 2001019076 | ||
| 020 | _a0375802932 | ||
| 020 | _a9780439450737 | ||
| 020 | _a0375902937 (glb) | ||
| 020 | _a0375815163 (pbk.) | ||
| 040 |
_aDLC _cDLC _dDLC _beng |
||
| 050 | _aPZ7.P2197 | ||
| 082 | _a813.54 | ||
| 100 | 1 | _aPark, Barbara. | |
| 245 | 1 | 0 |
_aJunie B., first grader (at last!) / _cBarbara Park ; illustrated by Denise Brunkus. |
| 250 | _aFirst Scholastic printing, September 2002 | ||
| 260 |
_aNew York : _bScholastic, _c2001. |
||
| 300 |
_a76 pages : _billustrations ; _c20 cm |
||
| 490 | 1 |
_aThe Junie B. Jones series ; _vBook 18 |
|
| 500 | _a"A Stepping stone book." | ||
| 505 | _aJ | ||
| 520 | _aJunie B. thinks first grade is a flop when her kindergarten friend Lucille prefers the company of twins Camille and Chenille and Junie B. needs glasses. | ||
| 521 | 8 |
_a490
_bLexile |
|
| 521 | 8 |
_aJ
_bRaz-Plus |
|
| 650 | 1 |
_aSchools _vFiction. |
|
| 650 | 1 |
_aEyeglasses _vFiction. |
|
| 650 | 1 |
_aFriendship _vFiction. |
|
| 700 | 1 |
_aBrunkus, Denise, _eillustrator |
|
| 906 |
_a7 _bcbc _corignew _d1 _eocip _f20 _gy-gencatlg |
||
| 942 |
_2ddc _cBK _n0 |
||
| 999 |
_c4258 _d4258 |
||